[Event "17. Obert Int. Sant Marti 2015"]
[Site "Barcelona ESP"]
[Date "2015.07.13"]
[Round "1.45"]
[White "Arroyo Mateo, Jose Miguel"]
[Black "Puranik, Abhimanyu"]
[Result "0-1"]
[WhiteElo "1937"]
[BlackElo "2328"]
[PlyCount "40"]
[EventDate "2015.07.13"]
[EventType "swiss"]
[EventRounds "9"]
[EventCountry "ESP"]
[SourceTitle "Ajedrez en Madrid"]
[Source "lmi"]
[SourceDate "2013.07.13"]
[SourceVersion "1"]
[SourceVersionDate "2019.06.24"]
[SourceQuality "1"]

1. e4 e5 2. Nf3 Nc6 3. Bc4 Nf6 4. d4 exd4 5. e5 d5 6. Bb5 Ne4 7. Nxd4 Bd7 8.
Bxc6 bxc6 9. O-O Bc5 10. Be3 O-O 11. c3 Qe7 12. Nd2 Qxe5 13. Nxc6 Bxc6 14. Re1
Bxe3 15. Rxe3 Rab8 16. Nb3 Ba8 17. f3 Qg5 18. Qd4 c5 19. Nxc5 Rxb2 20. g4 Qh4
0-1

[Event "17. Obert Int. Sant Marti 2015"]
[Site "Barcelona ESP"]
[Date "2015.07.13"]
[Round "1.46"]
[White "Ramirez Garcia, Jorge Alberto"]
[Black "Saiz Rodrigo, Fernando"]
[Result "1-0"]
[WhiteElo "2312"]
[BlackElo "1937"]
[PlyCount "75"]
[EventDate "2015.07.13"]
[EventType "swiss"]
[EventRounds "9"]
[EventCountry "ESP"]
[SourceTitle "Ajedrez en Madrid"]
[Source "lmi"]
[SourceDate "2013.07.13"]
[SourceVersion "1"]
[SourceVersionDate "2019.06.24"]
[SourceQuality "1"]

1. e4 c5 2. Nf3 d6 3. d4 cxd4 4. Nxd4 Nf6 5. f3 e5 6. Nb3 Be6 7. c4 Nbd7 8. Be3
Nb6 9. Na3 Rc8 10. Rc1 Be7 11. Be2 O-O 12. Qd2 Nh5 13. g3 Bh3 14. Na5 Rb8 15.
Nb5 a6 16. Nxd6 Qc7 17. c5 Nc8 18. Nac4 Rd8 19. Nxe5 Nxd6 20. cxd6 Qxd6 21.
Qxd6 Bxd6 22. Nc4 Bb4+ 23. Kf2 b5 24. Ne5 Bd2 25. Rc2 Bxe3+ 26. Kxe3 Rb6 27.
Rd1 Re8 28. Kf2 f5 29. Nd7 Rb7 30. e5 f4 31. g4 g5 32. Rcd2 Re7 33. Nc5 Rbc7
34. Rd8+ Kf7 35. e6+ Kg7 36. R1d7 Nf6 37. Rxc7 Rxc7 38. Rd7+ 1-0

[Event "17. Obert Int. Sant Marti 2015"]
[Site "Barcelona ESP"]
[Date "2015.07.13"]
[Round "1.47"]
[White "Jocher, Georg"]
[Black "Morales, Jhon Alexander"]
[Result "0-1"]
[WhiteElo "1931"]
[BlackElo "2308"]
[PlyCount "108"]
[EventDate "2015.07.13"]
[EventType "swiss"]
[EventRounds "9"]
[EventCountry "ESP"]
[SourceTitle "Ajedrez en Madrid"]
[Source "lmi"]
[SourceDate "2013.07.13"]
[SourceVersion "1"]
[SourceVersionDate "2019.06.24"]
[SourceQuality "1"]

1. e4 c5 2. Nf3 e6 3. d4 cxd4 4. Nxd4 a6 5. c4 Nf6 6. Nc3 Qc7 7. Be2 d6 8. O-O
b6 9. Be3 Bb7 10. Qb1 Nbd7 11. Rc1 Rc8 12. h3 Qb8 13. b4 Be7 14. f4 g6 15. a4
O-O 16. a5 bxa5 17. Rxa5 Bd8 18. Ra3 Bb6 19. Rb3 Ba7 20. Bd3 Qa8 21. Re1 Rfe8
22. Kh2 e5 23. fxe5 Rxe5 24. Nf3 Bxe3 25. Rxe3 Re7 26. Rb2 Rce8 27. Rbe2 Qa7
28. Qd1 Qb6 29. Qb1 Bc6 30. Re1 Qc7 31. Kh1 Rb8 32. Nd5 Bxd5 33. exd5 Rxe3 34.
Rxe3 Qb6 35. Qe1 Qxb4 36. Qh4 a5 37. Ng5 Qd2 38. Rf3 Rf8 39. Ne4 Nxe4 40. Qxe4
Nc5 41. Qe2 Qxe2 42. Bxe2 Re8 43. Bf1 a4 44. Kg1 Kg7 45. Kf2 Ne4+ 46. Kg1 h5
47. g4 hxg4 48. hxg4 Nc5 49. Kf2 Rb8 50. Ke1 Rb2 51. Kd1 Nb3 52. c5 a3 53. Rxb3
Rxb3 54. Kc2 a2 0-1

[Event "17. Obert Int. Sant Marti 2015"]
[Site "Barcelona ESP"]
[Date "2015.07.13"]
[Round "1.48"]
[White "Forsa, Espen"]
[Black "Aprea, Daniele"]
[Result "1-0"]
[WhiteElo "2304"]
[BlackElo "1923"]
[PlyCount "67"]
[EventDate "2015.07.13"]
[EventType "swiss"]
[EventRounds "9"]
[EventCountry "ESP"]
[SourceTitle "Ajedrez en Madrid"]
[Source "lmi"]
[SourceDate "2013.07.13"]
[SourceVersion "1"]
[SourceVersionDate "2019.06.24"]
[SourceQuality "1"]

1. e4 e6 2. d4 d5 3. e5 c5 4. c3 Qb6 5. Nf3 Nc6 6. Be2 cxd4 7. cxd4 Nh6 8. Na3
Bb4+ 9. Kf1 Bxa3 10. bxa3 Nf5 11. g4 Nfe7 12. h3 Bd7 13. a4 a5 14. Be3 Rc8 15.
Rb1 Qa7 16. Ne1 Nb4 17. Qb3 Rc7 18. Kg2 O-O 19. a3 Na6 20. Nf3 Rfc8 21. Bd2 Nc6
22. Qd3 Nab8 23. Rb5 b6 24. Ng5 g6 25. h4 Ne7 26. h5 Bxb5 27. axb5 h6 28. hxg6
Nxg6 29. Rxh6 Kf8 30. Nxe6+ Ke8 31. Rxg6 Re7 32. Ng7+ Kf8 33. Rh6 f5 34. Qxf5+
1-0

[Event "17. Obert Int. Sant Marti 2015"]
[Site "Barcelona ESP"]
[Date "2015.07.13"]
[Round "1.49"]
[White "De Azua Arpi, Rafael"]
[Black "Pogorelov, Ruslan"]
[Result "0-1"]
[WhiteElo "1916"]
[BlackElo "2301"]
[PlyCount "82"]
[EventDate "2015.07.13"]
[EventType "swiss"]
[EventRounds "9"]
[EventCountry "ESP"]
[SourceTitle "Ajedrez en Madrid"]
[Source "lmi"]
[SourceDate "2013.07.13"]
[SourceVersion "1"]
[SourceVersionDate "2019.06.24"]
[SourceQuality "1"]

1. d4 Nf6 2. c4 e6 3. Nc3 Bb4 4. Qc2 c5 5. dxc5 O-O 6. Nf3 Na6 7. a3 Bxc3+ 8.
Qxc3 Nxc5 9. Bg5 b6 10. Bxf6 Qxf6 11. Qxf6 gxf6 12. g3 a5 13. Bg2 Bb7 14. O-O
a4 15. Rfd1 Nb3 16. Rab1 Be4 17. Ne1 Bxb1 18. Bxa8 Rxa8 19. Rxb1 Rc8 20. Rd1
Rxc4 21. Rxd7 Rc1 22. Kf1 Rb1 23. f3 b5 24. Kf2 Rxb2 25. Nd3 Ra2 26. Nf4 f5 27.
h4 Kf8 28. Nd3 Ke8 29. Rb7 Nd4 30. Ke3 Nc2+ 31. Kf4 Nxa3 32. Kg5 Rxe2 33. Kf6
Nc4 34. Nc5 Kd8 35. Rxb5 a3 36. Rb7 Re3 37. Rd7+ Kc8 38. Ke7 Ne5 39. Rd8+ Kc7
40. Ra8 Rxf3 41. Na4 Kb7 0-1

[Event "17. Obert Int. Sant Marti 2015"]
[Site "Barcelona ESP"]
[Date "2015.07.13"]
[Round "1.50"]
[White "Vittorino, Carlo Giovanni"]
[Black "Ruiz Molina, Gabriel"]
[Result "1-0"]
[WhiteElo "2301"]
[BlackElo "1916"]
[PlyCount "75"]
[EventDate "2015.07.13"]
[EventType "swiss"]
[EventRounds "9"]
[EventCountry "ESP"]
[SourceTitle "Ajedrez en Madrid"]
[Source "lmi"]
[SourceDate "2013.07.13"]
[SourceVersion "1"]
[SourceVersionDate "2019.06.24"]
[SourceQuality "1"]

1. e4 e6 2. d4 d5 3. e5 c5 4. c3 Nc6 5. Nf3 Qb6 6. a3 c4 7. Nbd2 Bd7 8. b3 cxb3
9. Nxb3 Na5 10. Nxa5 Qxa5 11. Bd2 Ba4 12. Qc1 Qc7 13. Bd3 Ne7 14. O-O h6 15.
Rb1 Bd7 16. Qb2 O-O-O 17. Rfc1 Kb8 18. c4 Bc6 19. cxd5 Nxd5 20. Bb5 Ka8 21.
Bxc6 bxc6 22. Ba5 Nb6 23. Bxb6 axb6 24. Qxb6 Qxb6 25. Rxb6 Rc8 26. Rcb1 Rc7 27.
Rb8+ Ka7 28. Rd8 c5 29. dxc5 Rxc5 30. Nd4 g6 31. f4 Bg7 32. Rd7+ Ka6 33. Rxf7
Bf8 34. Nxe6 Rc8 35. Nxf8 Rhxf8 36. Rxf8 Rxf8 37. Rb4 Ka5 38. Kf2 1-0

[Event "17. Obert Int. Sant Marti 2015"]
[Site "Barcelona ESP"]
[Date "2015.07.13"]
[Round "1.51"]
[White "Magallanes, Gustavo"]
[Black "Pomini, Aurelien"]
[Result "0-1"]
[WhiteElo "1908"]
[BlackElo "2298"]
[PlyCount "68"]
[EventDate "2015.07.13"]
[EventType "swiss"]
[EventRounds "9"]
[EventCountry "ESP"]
[SourceTitle "Ajedrez en Madrid"]
[Source "lmi"]
[SourceDate "2013.07.13"]
[SourceVersion "1"]
[SourceVersionDate "2019.06.24"]
[SourceQuality "1"]

1. e4 c5 2. Nf3 e6 3. d3 d5 4. Nbd2 Nc6 5. g3 Nf6 6. Bg2 g6 7. O-O Bg7 8. Re1
O-O 9. Qe2 b5 10. Nf1 Bb7 11. h4 Rc8 12. Bg5 h6 13. Bf4 Qb6 14. e5 Nd7 15. N1h2
Kh7 16. Qd2 d4 17. Ng4 h5 18. Ngh2 Ne7 19. g4 hxg4 20. Nxg4 Rh8 21. Ng5+ Kg8
22. Ne4 Nf5 23. Ngf6+ Bxf6 24. Nxf6+ Nxf6 25. exf6 Nxh4 26. Re4 Nxg2 27. Kxg2
Bxe4+ 28. dxe4 e5 29. Bg3 Qxf6 30. Qa5 Qb6 31. Qd2 Rh5 32. a4 b4 33. Qe2 c4 34.
Qg4 Qe6 0-1

[Event "17. Obert Int. Sant Marti 2015"]
[Site "Barcelona ESP"]
[Date "2015.07.13"]
[Round "1.52"]
[White "Nabuurs, Joep"]
[Black "Niklesh, Kumar Jain"]
[Result "1-0"]
[WhiteElo "2293"]
[BlackElo "1904"]
[PlyCount "159"]
[EventDate "2015.07.13"]
[EventType "swiss"]
[EventRounds "9"]
[EventCountry "ESP"]
[SourceTitle "Ajedrez en Madrid"]
[Source "lmi"]
[SourceDate "2013.07.13"]
[SourceVersion "1"]
[SourceVersionDate "2019.06.24"]
[SourceQuality "1"]

1. e4 c5 2. Nf3 Nc6 3. d4 cxd4 4. Nxd4 g6 5. c4 Nf6 6. Nc3 d6 7. Nc2 a5 8. Be2
Bg7 9. O-O O-O 10. Na3 Bd7 11. Be3 Nb4 12. Nab5 Na6 13. f3 Bc6 14. Rf2 Nd7 15.
Bf1 Nac5 16. Rc1 Bxb5 17. Nxb5 Qb6 18. b3 Rfc8 19. g3 Qd8 20. Rd2 Qf8 21. Bh3
Rd8 22. Nc7 Rab8 23. Nd5 Nf6 24. Nxf6+ Bxf6 25. Bg2 Rdc8 26. Rdc2 Qg7 27. Qd2
b6 28. Bf2 h5 29. h4 g5 30. hxg5 Bxg5 31. f4 Bf6 32. Qd1 Qh7 33. Qe2 Kh8 34.
Rd1 Rg8 35. Rd5 Rg6 36. Rxh5 Rh6 37. Rxh6 Qxh6 38. Rd2 Kg7 39. Qg4+ Qg6 40.
Qxg6+ Kxg6 41. Be3 Bc3 42. Rc2 Ba1 43. Kf2 a4 44. bxa4 Nxa4 45. Rc1 Bb2 46. Rc2
Ba1 47. Bf3 Nc5 48. g4 f6 49. Kg3 Ra8 50. e5 Ra3 51. Bc1 Rc3 52. Rxc3 Bxc3 53.
exd6 exd6 54. Be3 Be1+ 55. Kg2 f5 56. Bd1 fxg4 57. Bxg4 Bc3 58. Bd1 Kf6 59. Bc2
Ke6 60. Kf3 Kf6 61. Bf2 Bb2 62. Bh4+ Kf7 63. Bd8 Ne6 64. Bxb6 Bd4 65. Ba5 Bc5
66. Ke4 Nd4 67. Bd1 Nc6 68. Bc3 Nb4 69. a4 Na2 70. Bd2 Nb4 71. Bxb4 Bxb4 72.
Kd5 Ke7 73. Kc6 Ke6 74. Bg4+ Ke7 75. Bc8 Kd8 76. Be6 Ke7 77. f5 Kd8 78. f6 Bc3
79. f7 Ke7 80. Bd5 1-0

[Event "17. Obert Int. Sant Marti 2015"]
[Site "Barcelona ESP"]
[Date "2015.07.13"]
[Round "1.53"]
[White "Egorova, Ayyyna"]
[Black "Garcia Blanco, Omar"]
[Result "0-1"]
[WhiteElo "1901"]
[BlackElo "2292"]
[PlyCount "93"]
[EventDate "2015.07.13"]
[EventType "swiss"]
[EventRounds "9"]
[EventCountry "ESP"]
[SourceTitle "Ajedrez en Madrid"]
[Source "lmi"]
[SourceDate "2013.07.13"]
[SourceVersion "1"]
[SourceVersionDate "2019.06.24"]
[SourceQuality "1"]

1. e4 c5 2. Nf3 e6 3. d4 cxd4 4. Nxd4 Nc6 5. c4 Nf6 6. Nc3 d6 7. Be2 a6 8. O-O
Qc7 9. Be3 Ne5 10. Rc1 Be7 11. f4 Ned7 12. b4 b6 13. Nb3 Bb7 14. Qd4 O-O 15.
Bf3 Rac8 16. Rfd1 Qb8 17. Na4 b5 18. cxb5 axb5 19. Nc3 Rc4 20. Qd3 Rxb4 21. Na5
Ba8 22. Rc2 Nc5 23. Qd2 Rxe4 24. Nxe4 Nfxe4 25. Qb4 Bd5 26. Bxe4 Nxe4 27. Nc6
Bxc6 28. Rxc6 Nc5 29. Rb1 Qa8 30. Qxb5 Qxa2 31. Rc7 Bf6 32. Rc1 Qa3 33. Qe2 h6
34. h3 Rb8 35. Kh2 g6 36. Rc4 Rb2 37. Bxc5 dxc5 38. Rc2 Bh4 39. Rxb2 Bg3+ 40.
Kg1 Qa1+ 41. Qf1 Qxb2 42. Kh1 Qd4 43. Qc1 Bf2 44. Rc8+ Kg7 45. Ra8 Qe4 46. Qa1+
Bd4 47. Qc1 0-1

[Event "17. Obert Int. Sant Marti 2015"]
[Site "Barcelona ESP"]
[Date "2015.07.13"]
[Round "1.54"]
[White "Roy, Prantik"]
[Black "Drvar, Izidor"]
[Result "1-0"]
[WhiteElo "2292"]
[BlackElo "1900"]
[PlyCount "71"]
[EventDate "2015.07.13"]
[EventType "swiss"]
[EventRounds "9"]
[EventCountry "ESP"]
[SourceTitle "Ajedrez en Madrid"]
[Source "lmi"]
[SourceDate "2013.07.13"]
[SourceVersion "1"]
[SourceVersionDate "2019.06.24"]
[SourceQuality "1"]

1. e4 c6 2. d4 d5 3. Nc3 dxe4 4. Nxe4 Nf6 5. Nxf6+ exf6 6. c3 Bd6 7. Bd3 Be6 8.
Ne2 Qc7 9. Qc2 Nd7 10. f4 b5 11. a4 Rb8 12. O-O h5 13. h3 a6 14. f5 Bd5 15. Nf4
Nb6 16. a5 Nc4 17. Qe2+ Kf8 18. Nxd5 cxd5 19. Qf3 Rd8 20. Kh1 Be7 21. Bf4 Qc6
22. b3 Nd6 23. Rac1 Ne4 24. c4 bxc4 25. bxc4 Ng5 26. Qe2 Ba3 27. Ra1 Re8 28.
Qa2 Bb4 29. cxd5 Qc3 30. Qc4 Bxa5 31. d6 Rd8 32. Rxa5 Qxa5 33. Qc7 Qxc7 34.
dxc7 Rc8 35. Bxa6 Ke7 36. Re1+ 1-0

[Event "17. Obert Int. Sant Marti 2015"]
[Site "Barcelona ESP"]
[Date "2015.07.13"]
[Round "1.55"]
[White "Perez Ruiz, Santiago"]
[Black "Piasetski, Leon"]
[Result "0-1"]
[WhiteElo "1885"]
[BlackElo "2289"]
[PlyCount "90"]
[EventDate "2015.07.13"]
[EventType "swiss"]
[EventRounds "9"]
[EventCountry "ESP"]
[SourceTitle "Ajedrez en Madrid"]
[Source "lmi"]
[SourceDate "2013.07.13"]
[SourceVersion "1"]
[SourceVersionDate "2019.06.24"]
[SourceQuality "1"]

1. d4 Nf6 2. c4 e6 3. Nc3 Bb4 4. e3 b6 5. Bd3 Bb7 6. Nf3 Ne4 7. O-O Bxc3 8.
bxc3 f5 9. Ba3 Nxc3 10. Qc2 Ne4 11. Ne5 d6 12. Qa4+ c6 13. Nf3 O-O 14. Bxe4
fxe4 15. Nd2 c5 16. Rab1 Bc6 17. Qc2 Qh4 18. dxc5 dxc5 19. Qc3 Nd7 20. Bb2 Rf7
21. f3 exf3 22. Nxf3 Qg4 23. h3 Qg3 24. Qe1 Qg6 25. Kh2 Raf8 26. Rd1 Bxf3 27.
Rxf3 Qc2 28. Rd2 Qxc4 29. Rg3 e5 30. Qd1 Qe6 31. Rd6 Qe7 32. Qd5 Nf6 33. Rxf6
Qxf6 34. Bxe5 Rd8 35. Rxg7+ Qxg7 36. Qxd8+ Rf8 37. Qd6 Qg6 38. Qc7 Qf7 39. Qd6
Re8 40. a4 Qe7 41. Qd5+ Qe6 42. Qxe6+ Rxe6 43. Bb8 c4 44. a5 c3 45. axb6 axb6
0-1

[Event "17. Obert Int. Sant Marti 2015"]
[Site "Barcelona ESP"]
[Date "2015.07.13"]
[Round "1.56"]
[White "Mateus, Alejandro"]
[Black "Cano Sevila, Ivan"]
[Result "1-0"]
[WhiteElo "2283"]
[BlackElo "1870"]
[PlyCount "57"]
[EventDate "2015.07.13"]
[EventType "swiss"]
[EventRounds "9"]
[EventCountry "ESP"]
[SourceTitle "Ajedrez en Madrid"]
[Source "lmi"]
[SourceDate "2013.07.13"]
[SourceVersion "1"]
[SourceVersionDate "2019.06.24"]
[SourceQuality "1"]

1. e4 c5 2. c3 g6 3. d4 cxd4 4. cxd4 d5 5. exd5 Nf6 6. Bb5+ Nbd7 7. Nc3 Bg7 8.
Nge2 O-O 9. Nf4 Nb6 10. Qb3 h6 11. h4 Bf5 12. O-O Be4 13. Nxe4 Nxe4 14. Re1 Nf6
15. d6 e6 16. Qa3 a6 17. Bd3 Nfd5 18. g3 Qd7 19. Bd2 Rfd8 20. Qb3 Qxd6 21. Bxg6
fxg6 22. Rxe6 Qd7 23. Rxb6 Kh7 24. Rxb7 Qf5 25. Re1 Nxf4 26. Bxf4 Rg8 27. Ree7
Raf8 28. Qe3 Qh5 29. Be5 1-0

[Event "17. Obert Int. Sant Marti 2015"]
[Site "Barcelona ESP"]
[Date "2015.07.13"]
[Round "1.57"]
[White "Jul Perez, Alberto"]
[Black "Fernandez Diaz, Cristian"]
[Result "0-1"]
[WhiteElo "1870"]
[BlackElo "2272"]
[PlyCount "102"]
[EventDate "2015.07.13"]
[EventType "swiss"]
[EventRounds "9"]
[EventCountry "ESP"]
[SourceTitle "Ajedrez en Madrid"]
[Source "lmi"]
[SourceDate "2013.07.13"]
[SourceVersion "1"]
[SourceVersionDate "2019.06.24"]
[SourceQuality "1"]

1. e4 c5 2. Nf3 Nc6 3. d4 cxd4 4. Nxd4 g6 5. Nc3 Bg7 6. Be3 Nf6 7. Be2 O-O 8.
O-O d5 9. exd5 Nb4 10. Nb3 Nfxd5 11. Nxd5 Nxd5 12. Bd4 e5 13. Bc5 Re8 14. Bb5
Bd7 15. Bc4 Nf4 16. Be3 Bc6 17. Bxf4 exf4 18. Qxd8 Raxd8 19. Na5 Be4 20. c3 Re5
21. Rfe1 Rd2 22. Bxf7+ Kxf7 23. Nc4 Rdd5 24. Nxe5+ Rxe5 25. f3 Bd5 26. Rxe5
Bxe5 27. Rd1 Ke6 28. a3 Bd6 29. Re1+ Be5 30. Rd1 b5 31. Kf2 a5 32. g3 g5 33. g4
a4 34. Rh1 Bd6 35. Re1+ Kf7 36. Rh1 Bc5+ 37. Ke2 h5 38. h3 Bc4+ 39. Kd1 h4 40.
Re1 Be3 41. Kc2 Ke6 42. Kd1 Bd3 43. Rh1 Kd5 44. Rh2 Kc4 45. Rg2 Kb3 46. Rh2 Bc4
47. Rg2 Bd5 48. Ke2 Kxb2 49. Kd3+ Kxa3 50. c4 Bxc4+ 51. Kc3 Bd5 0-1

[Event "17. Obert Int. Sant Marti 2015"]
[Site "Barcelona ESP"]
[Date "2015.07.13"]
[Round "1.58"]
[White "Olivares Canelles, Francisco"]
[Black "Moreno Perez, Norberto"]
[Result "1-0"]
[WhiteElo "2270"]
[BlackElo "1853"]
[PlyCount "51"]
[EventDate "2015.07.13"]
[EventType "swiss"]
[EventRounds "9"]
[EventCountry "ESP"]
[SourceTitle "Ajedrez en Madrid"]
[Source "lmi"]
[SourceDate "2013.07.13"]
[SourceVersion "1"]
[SourceVersionDate "2019.06.24"]
[SourceQuality "1"]

1. d4 e6 2. c4 d5 3. Nc3 c6 4. e4 dxe4 5. Nxe4 Nf6 6. Nxf6+ Qxf6 7. Nf3 h6 8.
Bd3 Bd6 9. O-O O-O 10. Bd2 Rd8 11. Bc3 Nd7 12. Re1 Nf8 13. Ne5 Bxe5 14. Rxe5
Ng6 15. Re3 Bd7 16. d5 Qh4 17. Rg3 Be8 18. dxe6 fxe6 19. Qb3 Qh5 20. Qxb7 e5
21. Re1 Rab8 22. Qxa7 Ra8 23. Qc5 Nf4 24. Bxe5 Nxd3 25. Rxg7+ Kh8 26. Qf8# 1-0

[Event "17. Obert Int. Sant Marti 2015"]
[Site "Barcelona ESP"]
[Date "2015.07.13"]
[Round "1.59"]
[White "Anker, Christin"]
[Black "Deshpande, Aniruddha"]
[Result "0-1"]
[WhiteElo "1849"]
[BlackElo "2268"]
[PlyCount "70"]
[EventDate "2015.07.13"]
[EventType "swiss"]
[EventRounds "9"]
[EventCountry "ESP"]
[SourceTitle "Ajedrez en Madrid"]
[Source "lmi"]
[SourceDate "2013.07.13"]
[SourceVersion "1"]
[SourceVersionDate "2019.06.24"]
[SourceQuality "1"]

1. e4 d5 2. exd5 Qxd5 3. Nc3 Qd6 4. d4 Nf6 5. Bc4 c6 6. h3 Bf5 7. Nf3 e6 8. Qe2
Nbd7 9. Bb3 h6 10. Bd2 Qc7 11. Ne5 Nxe5 12. dxe5 Nd7 13. f4 Be7 14. O-O-O O-O-O
15. g4 Bh7 16. Be3 g5 17. Kb1 Nb6 18. Rhf1 Kb8 19. Bxb6 axb6 20. fxg5 Bxg5 21.
Qf2 Rxd1+ 22. Rxd1 h5 23. h4 Bd8 24. g5 Bg6 25. Qe3 Be7 26. Ne2 Rd8 27. Rxd8+
Qxd8 28. Kc1 Bc5 29. Qf3 Bf5 30. c3 Bg4 31. Qe4 Bf2 32. Nd4 Bxh4 33. g6 c5 34.
Nf3 Bg5+ 35. Nxg5 Qxg5+ 0-1

[Event "17. Obert Int. Sant Marti 2015"]
[Site "Barcelona ESP"]
[Date "2015.07.13"]
[Round "1.60"]
[White "Matt, Fabian"]
[Black "Riu Lopez, Daniel"]
[Result "1-0"]
[WhiteElo "2258"]
[BlackElo "1839"]
[PlyCount "141"]
[EventDate "2015.07.13"]
[EventType "swiss"]
[EventRounds "9"]
[EventCountry "ESP"]
[SourceTitle "Ajedrez en Madrid"]
[Source "lmi"]
[SourceDate "2013.07.13"]
[SourceVersion "1"]
[SourceVersionDate "2019.06.24"]
[SourceQuality "1"]

1. Nf3 Nf6 2. c4 e6 3. g3 d5 4. Bg2 dxc4 5. Qa4+ c6 6. Qxc4 b5 7. Qc2 Bb7 8. d4
Nbd7 9. O-O c5 10. Rd1 Qb6 11. a4 bxa4 12. Qxa4 cxd4 13. Na3 Bc6 14. Qc4 Bd5
15. Qb5 Bxa3 16. Qxb6 axb6 17. Rxa3 Rxa3 18. bxa3 e5 19. Bg5 Bxf3 20. Bxf3 h6
21. Bxf6 Nxf6 22. Rb1 e4 23. Bg2 Ke7 24. Rxb6 Rd8 25. Rb1 Kd6 26. f3 e3 27. f4
Rd7 28. Rd1 Kc5 29. Rc1+ Kb6 30. Rb1+ Ka5 31. Rb3 Rc7 32. Bf3 Rc3 33. Rb7 Rxa3
34. Rxf7 Rc3 35. Rxg7 d3 36. exd3 Rc1+ 37. Kg2 Rc2+ 38. Kh3 Rf2 39. Rg6 Ne4 40.
Re6 Nd2 41. Bg2 e2 42. g4 Nf1 43. g5 Rxf4 44. Rxe2 hxg5 45. Re5+ Kb6 46. Rxg5
Ne3 47. Be4 Rf8 48. Rh5 Kc7 49. Rh6 Kd7 50. Kh4 Rf4+ 51. Kg5 Rg4+ 52. Kf6 Rf4+
53. Ke5 Rf7 54. Rd6+ Kc7 55. Rg6 Rf8 56. Rc6+ Kd7 57. Rb6 Ng4+ 58. Kd5 Nxh2 59.
Rb7+ Kc8 60. Kd6 Rf6+ 61. Ke7 Rh6 62. Rb1 Ng4 63. Bf5+ Kc7 64. Bxg4 Rh7+ 65.
Ke6 Rh6+ 66. Ke5 Kd8 67. d4 Ra6 68. d5 Ra4 69. Be6 Ra3 70. Rc1 Ra5 71. Kd6 1-0

[Event "17. Obert Int. Sant Marti 2015"]
[Site "Barcelona ESP"]
[Date "2015.07.13"]
[Round "1.61"]
[White "Minguell Soler, Joan"]
[Black "Ossa, Orlando"]
[Result "0-1"]
[WhiteElo "1836"]
[BlackElo "2249"]
[PlyCount "100"]
[EventDate "2015.07.13"]
[EventType "swiss"]
[EventRounds "9"]
[EventCountry "ESP"]
[SourceTitle "Ajedrez en Madrid"]
[Source "lmi"]
[SourceDate "2013.07.13"]
[SourceVersion "1"]
[SourceVersionDate "2019.06.24"]
[SourceQuality "1"]

1. d4 Nf6 2. c4 g6 3. Nc3 Bg7 4. e4 d6 5. Nf3 O-O 6. Be2 e5 7. d5 a5 8. O-O Ne8
9. Bg5 f6 10. Bh4 Na6 11. Nd2 h5 12. f3 Bh6 13. Bf2 f5 14. Rb1 f4 15. a3 g5 16.
Qc2 g4 17. Kh1 Qg5 18. Rfd1 g3 19. Bg1 Rf7 20. Nb3 h4 21. c5 h3 22. Bf1 Rh7 23.
cxd6 cxd6 24. Nxa5 Bf8 25. Nc4 hxg2+ 26. Bxg2 Qh5 27. Nb5 Bd7 28. Nb6 Rd8 29.
Nxd7 Rdxd7 30. Rbc1 Rdg7 31. h3 Nf6 32. Bb6 Nc5 33. Bxc5 dxc5 34. Kg1 Qe8 35.
a4 Rg6 36. d6 Nd7 37. Qc4+ Kh8 38. Nc7 Qc8 39. Ne6 Nb6 40. Nxf8 Rxd6 41. Rxd6
Nxc4 42. Ng6+ Kg8 43. Rxc4 Rd7 44. Rc1 c4 45. Kh1 Kg7 46. Rxd7+ Qxd7 47. Nxe5
Qd2 48. Rg1 Qd4 49. Ng4 Qxb2 50. Bf1 c3 0-1

[Event "17. Obert Int. Sant Marti 2015"]
[Site "Barcelona ESP"]
[Date "2015.07.13"]
[Round "1.62"]
[White "Nabuurs, Mart"]
[Black "Torrents Senal, Marc"]
[Result "1/2-1/2"]
[WhiteElo "2247"]
[BlackElo "1824"]
[PlyCount "58"]
[EventDate "2015.07.13"]
[EventType "swiss"]
[EventRounds "9"]
[EventCountry "ESP"]
[SourceTitle "Ajedrez en Madrid"]
[Source "lmi"]
[SourceDate "2013.07.13"]
[SourceVersion "1"]
[SourceVersionDate "2019.06.24"]
[SourceQuality "1"]

1. e4 c6 2. Nc3 d5 3. Nf3 Bg4 4. h3 Bxf3 5. Qxf3 d4 6. Ne2 e6 7. g4 h6 8. Bg2
a5 9. Ng3 Nd7 10. Qe2 Qc7 11. O-O Bd6 12. Qc4 c5 13. Qb5 Bxg3 14. fxg3 e5 15.
d3 f6 16. c3 Ne7 17. h4 Qc6 18. Qxc6 Nxc6 19. g5 hxg5 20. hxg5 Ke7 21. Bd2 Nf8
22. Bf3 b6 23. Bg4 Rd8 24. c4 Nh7 25. Kg2 fxg5 26. Bf5 Nf6 27. Bxg5 Rh5 28. Bd2
Rdh8 29. Rh1 Rxh1 1/2-1/2

[Event "17. Obert Int. Sant Marti 2015"]
[Site "Barcelona ESP"]
[Date "2015.07.13"]
[Round "1.63"]
[White "Quero Ortega, Juan"]
[Black "Larsson, Anders"]
[Result "0-1"]
[WhiteElo "1820"]
[BlackElo "2242"]
[PlyCount "88"]
[EventDate "2015.07.13"]
[EventType "swiss"]
[EventRounds "9"]
[EventCountry "ESP"]
[SourceTitle "Ajedrez en Madrid"]
[Source "lmi"]
[SourceDate "2013.07.13"]
[SourceVersion "1"]
[SourceVersionDate "2019.06.24"]
[SourceQuality "1"]

1. c4 e5 2. Nc3 Bb4 3. g3 Nf6 4. Bg2 O-O 5. e3 Bxc3 6. dxc3 Re8 7. Ne2 d6 8.
O-O a5 9. e4 h6 10. Be3 Na6 11. Qc2 Qe7 12. h3 Bd7 13. Rad1 Bc6 14. Rd2 b6 15.
Kh2 a4 16. b4 axb3 17. axb3 Nc5 18. Bxc5 bxc5 19. Rdd1 Qe6 20. Ra1 Qc8 21. Rfe1
Qb7 22. f3 Reb8 23. Rxa8 Rxa8 24. Rb1 Nd7 25. Nc1 Ra3 26. Rb2 f5 27. b4 Qa8 28.
Ra2 fxe4 29. fxe4 Rxa2 30. Qxa2 Qxa2 31. Nxa2 Kf7 32. Nc1 cxb4 33. cxb4 Nf6 34.
c5 Bxe4 35. cxd6 cxd6 36. b5 Bxg2 37. Kxg2 Ke6 38. Kf3 Kd5 39. Nb3 Kc4 40. Nd2+
Kxb5 41. g4 d5 42. h4 Kc6 43. g5 hxg5 44. hxg5 Ne4 0-1

[Event "17. Obert Int. Sant Marti 2015"]
[Site "Barcelona ESP"]
[Date "2015.07.13"]
[Round "1.64"]
[White "Ivana Maria, Furtado"]
[Black "Dougas Chavarria, Nestor"]
[Result "1-0"]
[WhiteElo "2236"]
[BlackElo "1809"]
[PlyCount "101"]
[EventDate "2015.07.13"]
[EventType "swiss"]
[EventRounds "9"]
[EventCountry "ESP"]
[SourceTitle "Ajedrez en Madrid"]
[Source "lmi"]
[SourceDate "2013.07.13"]
[SourceVersion "1"]
[SourceVersionDate "2019.06.24"]
[SourceQuality "1"]

1. d4 d5 2. Nf3 Nf6 3. c4 c6 4. Nc3 e6 5. e3 Nbd7 6. Qc2 a6 7. b3 Be7 8. Bb2
O-O 9. Bd3 Re8 10. O-O h6 11. c5 Bf8 12. b4 e5 13. dxe5 Nxe5 14. Nxe5 Rxe5 15.
Na4 Re8 16. Nb6 Rb8 17. f4 Nd7 18. Nxc8 Rxc8 19. e4 dxe4 20. Bxe4 Nf6 21. Bf5
Ra8 22. Be5 Nd5 23. Qb3 Be7 24. Be4 Bf6 25. Bxd5 Qxd5 26. Qxd5 cxd5 27. Bxf6
gxf6 28. Rad1 Re4 29. a3 d4 30. f5 Rd8 31. Rd3 Rd5 32. Rfd1 Rxf5 33. Rxd4 Re2
34. R4d2 Re3 35. Rd3 Re2 36. Rf1 Rg5 37. Rg3 Ra2 38. Rxf6 Rxg3 39. hxg3 a5 40.
Rf3 axb4 41. axb4 Rb2 42. Rf4 Kg7 43. Rd4 Kg6 44. Rd6+ Kg5 45. Rb6 Kg4 46. Kh2
Kf5 47. Rxb7 Ke6 48. b5 Kd5 49. c6 Kd6 50. Rd7+ Ke6 51. Rd8 1-0